000 01876cam a2200385 4500500
005 20251228073708.0
041 _afre
042 _adc
100 1 0 _aMorel, Geneviève
_eauthor
245 0 0 _aUn cas d’érotomanie : récit de mon entretien avec Héloïse
260 _c2020.
500 _a9
520 _aDans cet entretien, Héloïse décrit comment son amour pour un collègue de travail s’appuie sur des équivoques langagières qui sont le support d’un postulat érotomaniaque. « Vilain petit canard » de la famille, elle déploie les méandres de sa vie et sa relation de persécution à sa mère et à l’une de ses sœurs. Elle esquisse son intérêt pour le personnage de série Dr House, qui est une sorte de double.
520 _aIn this interview, Héloïse describes how her love for her work colleague draws from the linguistic equivocations which underline any erotomaniac assumption. She has been the ugly duckling of her family and she relates the meanders of her life and the persecutions by her mother and by one of her sister. She mentions her interest for House who plays the role of a double for her.
690 _acomplexe fraternel
690 _ade Clérambault
690 _aDr House
690 _aéquivoques
690 _aÉrotomanie
690 _apersécution maternelle
690 _apostulat érotomaniaque
690 _aséries télé
690 _aD
690 _ade Clérambault
690 _aequivocations
690 _aErotomania
690 _aerotomaniac premise
690 _afraternal complex
690 _aHouse
690 _aM
690 _amaternal persecution
690 _aTV Series
786 0 _nSavoirs et clinique | 27 | 2 | 2020-09-18 | p. 102-108 | 1634-3298
856 4 1 _uhttps://shs.cairn.info/revue-savoirs-et-cliniques-2020-2-page-102?lang=fr&redirect-ssocas=7080
999 _c1595711
_d1595711